| 000 | 00464nam a2200169Ia 4500 | ||
|---|---|---|---|
| 008 | 121017t2000 xxu||||| |||| 00| 0 sin d | ||
| 041 | _asin | ||
| 080 |
_aX8S1 _bGUN |
||
| 100 | _aBandusena Gunasekara | ||
| 245 | _aලස්සන සහ අවලස්සන | ||
| 246 | _aLassana Saha Avalassana | ||
| 260 |
_bSarasvathi Prakashana _aDivulapitiya _c2000 |
||
| 300 | _b74p., 21 cm | ||
| 942 | _cBK | ||
| 999 |
_c76367 _d76367 |
||
| 003 | LK-CoDNM | ||
| 040 |
_aLK-CoDNM _dLK-CoDNM _eLK-CoDNM |
||